Hommage ti scenography 1920-2000

Bibliographic Details
Main Author: Lajcha, Ladislav, 1932-2018 (auv)
Other Authors: Jablonovský, František, 1956- (gup), Lajchová, Liana (Translator), Sataniková, Juliana (Translator)
Format: Book
Language:Slovak
PhysicalDescription:55 s. čiernobiele a fareb. fotogr., kres. 30 cm
Published: Bratislava Theatre Institute 1999
ISBN:8085455943
Subjects:

MARC

LEADER 00000nam a2200000 a 4500
001 vtls001392023
003 SK-MaSNL
005 20260331204604.0
008 160415s1999 xo ab rd d 0 slo
015 |a SNBE2000/04-01364 
020 |a 8085455943 
035 |a SNK000346319 
040 |a SNK  |b slo  |c SNK  |e AACR2 
041 0 |a slo 
044 |a xo  |c SK 
080 |a 792.021(085)"1920/2000"  |2 1981 
100 1 |a Lajcha, Ladislav,  |d 1932-2018  |4 auv  |9 15109 
245 1 |a Hommage ti scenography 1920-2000  |c text, author Ladislav Lajcha ; graphic design František Jablonovský ; englisch and freuch translation Liana Lajchová, Juliana Sataníková 
246 1 0 |a Hommage á la scénographie 1920-2000 
246 1 1 |a Hommage á la scénographie 1920-200 
260 |a Bratislava  |b Theatre Institute  |c 1999 
300 |a 55 s.  |b čiernobiele a fareb. fotogr., kres.  |c 30 cm 
650 0 7 |a scénografia  |2 SNK  |9 3339 
655 7 |a výročné správy  |2 SNK  |9 70580 
700 1 |a Jablonovský, František,  |d 1956-  |4 gup  |9 104698 
700 1 |a Lajchová, Liana  |4 trl  |9 45200 
700 1 |a Sataniková, Juliana  |4 trl  |9 222357 
919 |a 80-85455-94-3 
958 |a TL 
999 |c 810237  |d 812167 
952 |t P60, <03>, [BOOK], {603}  |a SNK  |b SNK  |y PREZ  |7 0  |p 17A0244958  |o snkOSB 12555  |i snkKSP 6830/2000  |0 0  |1 0  |4 0  |d 2000-07-07  |l 0  |r 2005-01-02 00:00:00  |w 2026-02-24 
952 |t P60, <04>, [BOOK], {604}  |a SNK  |b SNK  |y VYP  |7 0  |p 17A0244959  |o snkOSB 12555 D1  |i snkKSP 6831/2000  |0 0  |1 0  |4 0  |d 2000-07-07  |l 0  |r 2005-01-02 00:00:00  |w 2026-02-24